Employment law : (Record no. 10666)
[ view plain ]
| 000 -LEADER | |
|---|---|
| fixed length control field | 00628cam a22002052 4500 |
| 001 - CONTROL NUMBER | |
| control field | 0000003429 |
| 005 - DATE AND TIME OF LATEST TRANSACTION | |
| control field | 20151217154339.0 |
| 008 - FIXED-LENGTH DATA ELEMENTS--GENERAL INFORMATION | |
| fixed length control field | 070507s xx 000 0 eng d |
| 040 ## - CATALOGING SOURCE | |
| Original cataloging agency | KABU |
| Transcribing agency | KABU |
| 050 #0 - LIBRARY OF CONGRESS CALL NUMBER | |
| Classification number | KD3009 |
| Item number | .T39 |
| 100 1# - MAIN ENTRY--PERSONAL NAME | |
| Personal name | Taylor, Stephen. |
| -- | 0000153350 |
| 245 10 - TITLE STATEMENT | |
| Title | Employment law : |
| Remainder of title | an introduction / |
| Statement of responsibility, etc. | Stephen Taylor, Astra Emir. |
| 260 ## - PUBLICATION, DISTRIBUTION, ETC. (IMPRINT) | |
| Place of publication, distribution, etc. | Oxford : |
| Name of publisher, distributor, etc. | OUP, |
| Date of publication, distribution, etc. | 2006. |
| 300 ## - PHYSICAL DESCRIPTION | |
| Extent | xxiv 602 p. |
| 650 #0 - SUBJECT ADDED ENTRY--TOPICAL TERM | |
| Topical term or geographic name as entry element | Labour law and legislation |
| Geographic subdivision | Great Britain. |
| -- | 0000153351 |
| 700 1# - ADDED ENTRY--PERSONAL NAME | |
| Personal name | Emir, Astra. |
| -- | 0000153352 |
| 908 ## - PUT COMMAND PARAMETER (RLIN) | |
| Put command parameter | 070507 |
| 950 ## - LOCAL HOLDINGS (RLIN) | |
| -- | 1 |
| Withdrawn status | Lost status | Source of classification or shelving scheme | Not for loan | Home library | Current library | Date acquired | Total Checkouts | Full call number | Barcode | Date last seen | Date last checked out | Price effective from | Koha item type |
|---|---|---|---|---|---|---|---|---|---|---|---|---|---|
| Library of Congress Classification | Kabarak, Main Campus | Kabarak, Main Campus | 17/12/2015 | 6 | KD3009 .T39 | 007541 | 07/11/2023 | 26/10/2023 | 17/12/2015 | General Collection |